000 00685cam a22002293a 4500
001 15508
003 PGUSA
005 20140828083330.0
008 050330s2005||||xxu|||||s|||||000 | eng d
040 _aPGUSA
_beng
042 _adc
050 4 _aE300
100 1 _aJohnson, Allen,
_d1870-1931
245 1 0 _aStephen A. Douglas :
_bA Study in American Politics
_h[electronic resource] /
_cAllen Johnson
260 _bProject Gutenberg,
_c2005
506 _aPublic domain in the USA.
516 _aElectronic text
653 _aDouglas, Stephen A. (Stephen Arnold), 1813-1861
830 0 _aProject Gutenberg
_v15508
856 4 0 _uhttp://www.gutenberg.org/ebooks/15508
942 _cEB
999 _c244763
_d244763